00330nam a2200121Ia 4500008004100000041000800041082001400049100001700063245004500080260004000125300003200165365001100197240624s9999 xx 000 0 und d aeng a153.9 GOU aGOUGH JACQUI aDEVELOPING LEARNING MATERIALS TRAINING E c1998aHyderabadbUniversities Press aviii, : 151 : p. : cm. ; 23 cRSb25